[Event "Eforie Nord Seacoast op 25th"]
[Site "Eforie Nord"]
[Date "2015.06.25"]
[Round "3"]
[White "Peptan, Corina Isabela"]
[Black "Cornea, Alexandru"]
[Result "1-0"]
[WhiteElo "2434"]
[BlackElo "1900"]
[PlyCount "93"]
[EventDate "2015.06.23"]
[EventType "swiss"]
[EventRounds "10"]
[EventCountry "ROU"]
[SourceTitle "CBM 167 Extra"]
[Source "ChessBase"]
[SourceDate "2015.09.14"]
[SourceVersion "1"]
[SourceVersionDate "2015.09.14"]
[SourceQuality "1"]

1. e4 e6 2. d4 d5 3. Nd2 Nf6 4. e5 Nfd7 5. c3 c5 6. Bd3 Nc6 7. Ne2 cxd4 8. cxd4 Qb6 9. Nf3 Bb4+ 10. Bd2 f6 11. exf6 Nxf6 12. 0-0 0-0 13. a3 Bd6 14. Bc3 Bd7 15. Ng3 Rae8 16. Ne5 Qd8 17. Qe2 Bc7 18. Rad1 Bc8 19. Rfe1 Kh8 20. Bc2 Qe7 21. Qd3 g6 22. Re2 Qg7 23. Nxc6 bxc6 24. Ba4 Bd7 25. Bb4 Rg8 26. Qc2 Bb6 27. Bd6 h5 28. Be5 h4 29. Nf1 Rgf8 30. Rd3 Kg8 31. Bxc6 Bxc6 32. Qxc6 Qd7 33. Qc1 Ng4 34. Qg5 Nxe5 35. Rxe5 Kg7 36. Qxh4 Bc7 37. Re2 Rh8 38. Qg4 Rh6 39. Rh3 Rxh3 40. Qxh3 Qd6 41. Qg4 Re7 42. g3 e5 43. Ne3 Qe6 44. Qxe6 Rxe6 45. Nxd5 Bd6 46. f4 e4 47. Kf2 1-0